Normal view
MARC view
- Nelkon, Michael.
Entry Personal Name
001 - CONTROL NUMBER
- control field: 193
003 - CONTROL NUMBER IDENTIFIER
- control field: NUST
005 - DATE AND TIME OF LATEST TRANSACTION
- control field: 20170509125643.0
008 - FIXED-LENGTH DATA ELEMENTS
- fixed length control field: 170509|| aca||aabn | a|a d
040 ## - CATALOGING SOURCE
- Original cataloging agency: NUST
- Transcribing agency: NUST
100 ## - HEADING--PERSONAL NAME
- Personal name: Nelkon, Michael.
670 ## - SOURCE DATA FOUND
- Source citation: Work cat.: (NUST)0: Nelkon, Michael., Advanced Level Physics,, 1982
